| Tag |
First Indicator |
Second Indicator |
Subfields |
| LEADER |
00000cam a2200000 i 4500 |
| 001 |
in00000665182 |
| 005 |
20240314152018.7 |
| 007 |
ta |
| 008 |
720327m196720uuctu bc 001 0 eng |
| 010 |
|
|
|a 67007687
|
| 016 |
|
|
|a (AMICUS)000001267195
|
| 016 |
7 |
|
|a BA00522906
|2 JP-ToKJK
|
| 016 |
7 |
|
|a 013978281
|2 Uk
|
| 019 |
|
|
|a 33316441
|a 191065453
|a 500365589
|a 644086442
|a 813705371
|a 813732211
|a 940176739
|a 1056440966
|a 1060996384
|a 1070620708
|a 1073095688
|a 1083383815
|a 1087177911
|a 1101217898
|a 1107760880
|a 1110920248
|a 1112814007
|a 1160012557
|a 1164683401
|a 1169932076
|a 1171387747
|a 1173515668
|a 1175724223
|a 1175728147
|a 1180889991
|a 1277096417
|
| 020 |
|
|
|a 0208008942
|q (v. 2)
|
| 020 |
|
|
|a 9780208008947
|q (v. 2)
|
| 020 |
|
|
|a 0208012206
|q (v. 3)
|
| 020 |
|
|
|a 9780208012203
|q (v. 3)
|
| 020 |
|
|
|a 0208013423
|q (v. 4)
|
| 020 |
|
|
|a 9780208013422
|q (v. 4)
|
| 020 |
|
|
|a 0208014594
|q (v. 5)
|
| 020 |
|
|
|a 9780208014597
|q (v. 5)
|
| 020 |
|
|
|a 0208012206
|q (v. 6)
|
| 020 |
|
|
|a 9780208012203
|q (v. 6)
|
| 020 |
|
|
|a 0208021078
|q (v. 7)
|
| 020 |
|
|
|a 9780208021076
|q (v. 7)
|
| 020 |
|
|
|a 0208021582
|q (v. 8)
|
| 020 |
|
|
|a 9780208021588
|q (v. 8)
|
| 020 |
|
|
|a 1878508059
|q (v. 9)
|
| 020 |
|
|
|a 9781878508058
|q (v. 9)
|
| 020 |
|
|
|z 18785080510
|q (v. 10)
|
| 020 |
|
|
|a 1878508261
|q (v. 11)
|
| 020 |
|
|
|a 9781878508263
|q (v. 11)
|
| 020 |
|
|
|a 0208008926
|
| 020 |
|
|
|a 9780208008923
|
| 020 |
|
|
|a 0208008934
|
| 020 |
|
|
|a 9780208008930
|
| 020 |
|
|
|z 0878508261
|q (v. 11)
|
| 024 |
0 |
0 |
|z ocm00286100
|
| 024 |
8 |
|
|a x280027892
|
| 029 |
1 |
|
|a AU@
|b 000000666711
|
| 029 |
1 |
|
|a AU@
|b 000058097587
|
| 029 |
1 |
|
|a NLC
|b 000001267195
|
| 029 |
1 |
|
|a NZ1
|b 2708101
|
| 029 |
1 |
|
|a YDXCP
|b 1230454
|
| 029 |
1 |
|
|a YDXCP
|b 127323
|
| 029 |
1 |
|
|a YDXCP
|b 127362
|
| 029 |
1 |
|
|a YDXCP
|b 1503109
|
| 029 |
1 |
|
|a YDXCP
|b 2213023
|
| 035 |
|
|
|a (OCoLC)ocm00286100
|
| 035 |
|
|
|a (OCoLC)286100
|z (OCoLC)33316441
|z (OCoLC)191065453
|z (OCoLC)500365589
|z (OCoLC)644086442
|z (OCoLC)813705371
|z (OCoLC)813732211
|z (OCoLC)940176739
|z (OCoLC)1056440966
|z (OCoLC)1060996384
|z (OCoLC)1070620708
|z (OCoLC)1073095688
|z (OCoLC)1083383815
|z (OCoLC)1087177911
|z (OCoLC)1101217898
|z (OCoLC)1107760880
|z (OCoLC)1110920248
|z (OCoLC)1112814007
|z (OCoLC)1160012557
|z (OCoLC)1164683401
|z (OCoLC)1169932076
|z (OCoLC)1171387747
|z (OCoLC)1173515668
|z (OCoLC)1175724223
|z (OCoLC)1175728147
|z (OCoLC)1180889991
|z (OCoLC)1277096417
|
| 035 |
|
|
|a (OCoLC)ocm00286100
|
| 040 |
|
|
|a DLC
|b eng
|e rda
|c DLC
|d BAKER
|d NLGGC
|d BTCTA
|d YDXCP
|d LVB
|d OCLCG
|d MNJ
|d NLE
|d OCLCQ
|d ZEM
|d UKMGB
|d EUM
|d BDX
|d OCLCO
|d OCLCF
|d OCLCQ
|d EUX
|d OCLCO
|d XFF
|d OCLCO
|d OCLCQ
|d OCL
|d OCLCO
|d FC@
|d UNA
|d TYC
|d DHA
|d OKS
|d NLC
|d OCLCQ
|d OCL
|d CPO
|d UKUOY
|d OCLCQ
|d OCLCO
|d CSA
|d OCLCO
|d AZU
|d OCLCO
|d UWW
|d TXI
|d OCL
|d LUN
|d IL4J6
|d OCLCO
|d OCLCQ
|d OCL
|d OCLCO
|d OCLCL
|
| 050 |
0 |
0 |
|a PR255
|b .M3
|
| 072 |
|
7 |
|a coll2
|2 lacc
|
| 082 |
0 |
0 |
|a 016.820/9/001
|2 18
|
| 084 |
|
|
|a 18.05
|2 bcl
|
| 084 |
|
|
|a coll2
|2 lacc
|
| 245 |
0 |
2 |
|a A manual of the writings in Middle English, 1050-1500 /
|c by members of the Middle English Group of the Modern Language Association of America.
|
| 264 |
|
1 |
|a New Haven :
|b Connecticut Academy of Arts and Sciences,
|c 1967-<2005>
|
| 300 |
|
|
|a volumes <1-11> ;
|c 24 cm.
|
| 336 |
|
|
|a text
|b txt
|2 rdacontent
|
| 337 |
|
|
|a unmediated
|b n
|2 rdamedia
|
| 338 |
|
|
|a volume
|b nc
|2 rdacarrier
|
| 490 |
1 |
|
|a The Connecticut Academy of Arts and Sciences
|
| 500 |
|
|
|a "Based upon A manual of the writings in Middle English. 1050-1400, by John Edwin Wells, New Haven, 1916, and supplements 1-9, 1919-1951."
|
| 500 |
|
|
|a Vols. 1-2: general editor, J. Burke Severs; vols. 3-10, Albert E. Hartung; vols. <11-> Peter G. Beidler.
|
| 504 |
|
|
|a Includes bibliographical references and indexes.
|
| 530 |
|
|
|a Also issued online.
|
| 505 |
0 |
0 |
|g v. 1.
|t Romances /
|r by Helaine Newstead --
|t Romances derived from English legends /
|r by Charles W. Dunn --
|t Arthurian legends /
|r by Helaine Newstead --
|t Charlemagne legends /
|r by H.M. Smyser --
|t Legends of Godfrey of Bouillon ;
|t Legends of Troy ;
|t Legends of Thebes /
|r by R.M. Lumiansky --
|t Eustace-Constance-Florence-Griselda legends /
|r by Lillian Herlands Hornstein --
|t Breton lays /
|r by Mortimer J. Donovan --
|t Miscellaneous romances by Lillian Herlands Hornstein.
|
| 505 |
0 |
0 |
|g v. 2.
|t The pearl poet /
|r by Marie P. Hamilton --
|t Wyclyf and his followers /
|r by Ernest W. Talbert and S. Harrison Thomson --
|t Translations and paraphrases of the Bible, and commentaries /
|r by Laurence Muir --
|t Saints' legends /
|r by Charlotte D'Evelyn and Frances A. Foster --
|t Instructions for Religious /
|r by Charlotte D'Evelyn.
|
| 505 |
0 |
0 |
|g v. 3.
|t Dialogues, debates, and catechisms /
|r by Francis Lee Utley --
|t Thomas Hoccleve /
|r by William Matthews --
|t Malory and Caxton /
|r by Robert H. Wilson.
|
| 505 |
0 |
0 |
|g v. 4.
|t Middle Scots writers /
|r by Florence H. Ridley --
|t The Chaucerian apocrypha /
|r by Rossell Hope Robbins.
|
| 505 |
0 |
0 |
|g v. 5.
|t Dramatic pieces /
|r by Anna J. Mill, Sheila Lindenbaum, and Francis Lee Utley and Barry Ward --
|t Poems dealing with contemporary conditions /
|r by Rossell Hope Robbins.
|
| 505 |
0 |
0 |
|g v. 6.
|t Carols /
|r by Richard Leighton Greene --
|t Ballads /
|r by David C. Fowler --
|t John Lydgate /
|r by Alain Renoir and C. David Benson.
|
| 505 |
0 |
0 |
|g v. 7.
|t John Gower /
|r by John H. Fisher, R. Wayne Hamm, Peter G. Beidler, and Robert F. Yeager --
|t Piers Plowman /
|r by Anne Middleton --
|t Travel and geographical writings /
|r by Christian K. Zacher --
|t Works of religious and philosophical instruction /
|r by Robert R. Raymo.
|
| 505 |
0 |
0 |
|g v. 8.
|t Chronicles and other historical writing /
|r by Edward Donald Kennedy.
|
| 505 |
0 |
0 |
|g v. 9.
|t Proverbs, precepts, and monitory pieces /
|r by Cameron Louis --
|t English mystical writings /
|r by Valerie M. Lagoria and Michael G. Sargent (with Ritamary Bradley) --
|t Tales /
|r by Thomas D. Cooke (with Peter Whiteford and Nancy Mohr McKinley).
|
| 505 |
8 |
0 |
|g v. 10.
|t Works of science and information /
|r by George R. Reiser --
|g v. 11. Sermons and homilies /
|r by Thomas J. Heffernan and Patrick J. Horner --
|t The lyrics of MS Harley 2253 /
|r by Susanna Fein.
|
| 650 |
|
0 |
|a English literature
|y Middle English, 1100-1500
|x Manuscripts
|v Catalogs.
|
| 650 |
|
0 |
|a English literature
|y Middle English, 1100-1500
|v Bibliography.
|
| 650 |
|
0 |
|a English literature
|y Middle English, 1100-1500
|x History and criticism.
|
| 650 |
|
0 |
|a Middle Ages.
|
| 650 |
|
0 |
|a Civilization, Medieval, in literature
|v Bibliography.
|
| 650 |
|
0 |
|a Middle Ages
|x History
|v Sources
|v Bibliography.
|
| 650 |
|
6 |
|a Littérature anglaise
|y 1100-1500 (Moyen anglais)
|x Histoire et critique.
|
| 650 |
|
6 |
|a Littérature anglaise
|y 1100-1500 (Moyen anglais)
|v Bibliographie.
|
| 650 |
|
6 |
|a Moyen Âge
|x Histoire
|v Sources
|v Bibliographie.
|
| 650 |
|
6 |
|a Civilisation médiévale dans la littérature
|v Bibliographie.
|
| 650 |
|
6 |
|a Littérature anglaise
|y 1100-1500 (Moyen anglais)
|x Manuscrits
|v Catalogues.
|
| 650 |
|
6 |
|a Moyen Âge.
|
| 650 |
|
7 |
|a Middle Ages
|2 fast
|
| 650 |
|
7 |
|a English literature
|x Middle English
|2 fast
|
| 650 |
|
7 |
|a Civilization, Medieval, in literature
|2 fast
|
| 650 |
|
7 |
|a English literature
|x Middle English
|x Bibliography
|2 fast
|
| 650 |
1 |
7 |
|a Middelengels.
|2 gtt
|
| 650 |
1 |
7 |
|a Teksten.
|2 gtt
|
| 650 |
|
7 |
|a English literature
|y Middle English, 1100-1500
|x History and criticism.
|2 nli
|
| 650 |
|
7 |
|a English literature
|y Middle English, 1100-1500
|v Bibliography.
|2 nli
|
| 648 |
|
7 |
|a 1100-1500
|2 fast
|
| 653 |
|
|
|a English literature -- Middle English, 1100-1500 -- History and criticism
|
| 653 |
|
|
|a English literature -- Middle English, 1100-1500 -- Bibliography
|
| 655 |
|
2 |
|a Bibliography
|
| 655 |
|
2 |
|a Catalog
|
| 655 |
|
7 |
|a bibliographies.
|2 aat
|
| 655 |
|
7 |
|a catalogs (documents)
|2 aat
|
| 655 |
|
7 |
|a Criticism, interpretation, etc.
|2 fast
|
| 655 |
|
7 |
|a Bibliographies
|2 fast
|
| 655 |
|
7 |
|a Catalogs
|2 fast
|
| 655 |
|
7 |
|a Reference works
|2 fast
|
| 655 |
|
7 |
|a Reference works.
|2 lcgft
|
| 655 |
|
7 |
|a Bibliographies.
|2 lcgft
|
| 655 |
|
7 |
|a Catalogs.
|2 lcgft
|
| 655 |
|
7 |
|a Ouvrages de référence.
|2 rvmgf
|
| 655 |
|
7 |
|a Bibliographies.
|2 rvmgf
|
| 655 |
|
7 |
|a Catalogues.
|2 rvmgf
|
| 700 |
1 |
|
|a Severs, Jonathan Burke.
|e editor.
|
| 700 |
1 |
|
|a Hartung, Albert E.,
|d 1923-
|e editor.
|1 https://id.oclc.org/worldcat/entity/E39PCjqDJd9k4gyD6CQHp8RXFq
|
| 700 |
1 |
|
|a Beidler, Peter G.,
|e editor.
|
| 700 |
1 |
|
|i based on (work)
|a Wells, John Edwin,
|d 1875-1943.
|t Manual of the writings in Middle English, 1050-1400.
|
| 710 |
2 |
|
|a Modern Language Association of America.
|b Middle English Group.
|e issuing body.
|
| 710 |
2 |
|
|a Connecticut Academy of Arts and Sciences.
|e publisher.
|
| 758 |
|
|
|i has work:
|a Manual of the writings in Middle English, 1050-1500 (Text)
|1 https://id.oclc.org/worldcat/entity/E39PCH6GD6MGQp9KmpkffKCGH3
|4 https://id.oclc.org/worldcat/ontology/hasWork
|
| 776 |
0 |
8 |
|i Online version:
|t Manual of the writings in Middle English, 1050-1500.
|d New Haven : Connecticut Academy of Arts and Sciences, 1967-<2005>
|w (OCoLC)562780065
|
| 830 |
|
0 |
|a Connecticut Academy of Arts and Sciences.
|
| 856 |
4 |
2 |
|3 French equivalent / Équivalent français
|u https://bac-lac.on.worldcat.org/oclc/299342928
|t 0
|
| 938 |
|
|
|a Baker & Taylor
|b BKTY
|c 22.50
|d 20.25
|i 0208008934
|n 0000384122
|s active
|
| 938 |
|
|
|a Baker & Taylor
|b BKTY
|c 32.50
|d 29.25
|i 0208012206
|n 0000384121
|s active
|
| 938 |
|
|
|a Baker & Taylor
|b BKTY
|c 49.95
|d 54.90
|i 0208017151
|n 0000528460
|s active
|
| 938 |
|
|
|a Brodart
|b BROD
|n 54768969
|c $49.50
|
| 938 |
|
|
|a Baker and Taylor
|b BTCP
|n 67007687
|
| 938 |
|
|
|a YBP Library Services
|b YANK
|n 3450680
|
| 938 |
|
|
|a YBP Library Services
|b YANK
|n 1503109
|
| 948 |
|
|
|h HELD BY TXA - 767 OTHER HOLDINGS
|
| 994 |
|
|
|a Z0
|b TXA
|
| 999 |
f |
f |
|s c3118daa-f3e1-3c87-a7fc-671208935c78
|i 7683e927-07ac-39f9-b10e-4171517e3164
|t 0
|
| 952 |
f |
f |
|p normal
|a Texas A&M University
|b College Station
|c Sterling C. Evans Library
|s Evans stk
|d Evans: Library Stacks
|t 0
|e PR255 .M3
|h Library of Congress classification
|i unmediated -- volume
|k v.6
|m A14803847092
|
| 952 |
f |
f |
|p normal
|a Texas A&M University
|b College Station
|c Sterling C. Evans Library
|s Evans stk
|d Evans: Library Stacks
|t 0
|e PR255 .M3
|h Library of Congress classification
|i unmediated -- volume
|k v.8
|m A14812440417
|
| 952 |
f |
f |
|p normal
|a Texas A&M University
|b College Station
|c Sterling C. Evans Library
|s Evans stk
|d Evans: Library Stacks
|t 0
|e PR255 .M3
|h Library of Congress classification
|i unmediated -- volume
|k v.10
|m A14825804955
|
| 952 |
f |
f |
|p normal
|a Texas A&M University
|b College Station
|c Sterling C. Evans Library
|s Evans stk
|d Evans: Library Stacks
|t 0
|e PR255 .M3
|h Library of Congress classification
|i unmediated -- volume
|k v.7
|m A14809550431
|
| 952 |
f |
f |
|p normal
|a Texas A&M University
|b College Station
|c Sterling C. Evans Library
|s Evans stk
|d Evans: Library Stacks
|t 0
|e PR255 .M3
|h Library of Congress classification
|i unmediated -- volume
|k v.9
|m A14816877242
|
| 952 |
f |
f |
|p normal
|a Texas A&M University
|b College Station
|c Sterling C. Evans Library
|s Evans stk
|d Evans: Library Stacks
|t 0
|e PR255 .M3
|h Library of Congress classification
|i unmediated -- volume
|k v.3
|m A14803847068
|
| 952 |
f |
f |
|p normal
|a Texas A&M University
|b College Station
|c Sterling C. Evans Library
|s Evans stk
|d Evans: Library Stacks
|t 0
|e PR255 .M3
|h Library of Congress classification
|i unmediated -- volume
|k v.1
|m A14803847042
|
| 952 |
f |
f |
|p normal
|a Texas A&M University
|b College Station
|c Sterling C. Evans Library
|s Evans stk
|d Evans: Library Stacks
|t 0
|e PR255 .M3
|h Library of Congress classification
|i unmediated -- volume
|k v.11
|m A14834929966
|
| 952 |
f |
f |
|p normal
|a Texas A&M University
|b College Station
|c Sterling C. Evans Library
|s Evans stk
|d Evans: Library Stacks
|t 0
|e PR255 .M3
|h Library of Congress classification
|i unmediated -- volume
|k v.5
|m A14803847084
|
| 952 |
f |
f |
|p normal
|a Texas A&M University
|b College Station
|c Sterling C. Evans Library
|s Evans stk
|d Evans: Library Stacks
|t 0
|e PR255 .M3
|h Library of Congress classification
|i unmediated -- volume
|k v.4
|m A14803847076
|
| 952 |
f |
f |
|p normal
|a Texas A&M University
|b College Station
|c Sterling C. Evans Library
|s Evans stk
|d Evans: Library Stacks
|t 0
|e PR255 .M3
|h Library of Congress classification
|i unmediated -- volume
|k v.2
|m A14803847050
|
| 998 |
f |
f |
|a PR255 .M3
|s v.1-v.11
|t 0
|l Evans: Library Stacks
|